THE ROLE OF INVESTIGATING AGENCIES IN JUSTICE DELIVERY SYSTEM IN INDIA (Record no. 32453)
[ view plain ]
| 000 -LEADER | |
|---|---|
| fixed length control field | 00306nam a22001217a 4500 |
| 003 - CONTROL NUMBER IDENTIFIER | |
| control field | SGT |
| 082 ## - DEWEY DECIMAL CLASSIFICATION NUMBER | |
| Classification number | 364 |
| Item number | Y23T |
| 100 ## - MAIN ENTRY--PERSONAL NAME | |
| Personal name | DHILLON YOGENDER |
| 245 ## - TITLE STATEMENT | |
| Title | THE ROLE OF INVESTIGATING AGENCIES IN JUSTICE DELIVERY SYSTEM IN INDIA |
| Remainder of title | AN CRITICAL STUDY |
| 300 ## - PAGE DESCRIPTION | |
| No. of Pages | 146 |
| 650 ## - SUBJECT ADDED ENTRY--TOPICAL TERM | |
| Topical term or geographic name as entry element | PHD(LAW) |
| 942 ## - ADDED ENTRY ELEMENTS (KOHA) | |
| Source of classification or shelving scheme | Dewey Decimal Classification |
| Koha item type | Thesis/Dissertation |
| Withdrawn status | Lost status | Source of classification or shelving scheme | Damaged status | Not for loan | Collection code | Home library | Current library | Date acquired | SGTU | Total Checkouts | Full call number | Accession No. (Barcode) | Date last seen | Bill Date | Koha item type |
|---|---|---|---|---|---|---|---|---|---|---|---|---|---|---|---|
| Dewey Decimal Classification | Not For Loan | LAW | SGT Science & Social Sciences Library | SGT Science & Social Sciences Library | 26/08/2025 | SGTU | 364 Y23T | DT2459 | 26/08/2025 | 26/08/2025 | Thesis/Dissertation | ||||
| Dewey Decimal Classification | Not For Loan | SGT Science & Social Sciences Library | SGT Science & Social Sciences Library | 27/12/2025 | SGTU | 364 Y23T | DT2046 | 27/12/2025 | 27/12/2025 | Thesis/Dissertation |